| 000 | 01919nam a22001577a 4500 | ||
|---|---|---|---|
| 041 | _aukr | ||
| 080 | _a09 | ||
| 090 | _bПЯН | ||
| 100 | _aПянковська І. В. | ||
| 245 | _aМетодика проведення самостійної роботи з читання професійно-орієнтованих текстів на початковому етапі немовного вузу | ||
| 260 |
_aОстрог _bКАФ _c2004 |
||
| 300 | _a66 | ||
| 520 |
_aРозділ 1. Теоретичні аспекти організації самостійної роботи студентів першого курсу немовного вузу при навчанні читання професійно-орієнтованих текстів.
1.1. Професійна орієнтованість текстів для читання як головний чинник мотивації студентів.
1.2. Індивідуалізація самостійної роботи студентів в процесі навчання читання професійно-орієнтованих текстів.
Розділ 2. Методика застосування комплексу вправ для самостійного читання на 1-му курсі немовного вузу.
2.1. Комплекс вправ для формування навичок читання професійно-орієнтованих текстів.
2.2. Комплекс вправ для розвитку вмінь ситання професійно-орієнтованих текстів.
2.3. Пізнавально-інформативні завдання для самостійного читання професійно-орієнтованих текстів. _0Текст, комплекс вправ, розвиток вмінь |
||
| 650 | _aResearch Papers | ||
| 999 |
_c282558 _d282558 |
||
| 942 | _cBK | ||